Basic pathology

সংরক্ষণ করুন:
গ্রন্থ-পঞ্জীর বিবরন
প্রধান লেখক: Robbins, Stanley L.
বিন্যাস: গ্রন্থ
ভাষা:Undetermined
প্রকাশিত: Philadelphia Saunders 1987
বিষয়গুলি:
ট্যাগগুলো: ট্যাগ যুক্ত করুন
কোনো ট্যাগ নেই, প্রথমজন হিসাবে ট্যাগ করুন!
Thư viện lưu trữ: Trung tâm Học liệu Trường Đại học Cần Thơ
LEADER 00471nam a2200181Ia 4500
001 CTU_125769
008 210402s9999 xx 000 0 und d
082 |a 616.07 
082 |b R632 
100 |a Robbins, Stanley L. 
245 0 |a Basic pathology 
245 0 |c Stanley L. Robbins, Vinay Kumar 
260 |a Philadelphia 
260 |b Saunders 
260 |c 1987 
650 |a Pathology 
904 |i Hiếu 
980 |a Trung tâm Học liệu Trường Đại học Cần Thơ